000 00655cam1a220021700 4500
001 tmp15341550
003 UPRA
005 20190815113021.0
008 950731s1900 za por u
035 _a(Sirsi) r122553
035 _a(UPRA)tmp15341550
040 _cUPRA
041 0 _aporeng
100 1 _aTorrend, J.
_6A30459.1
245 1 0 _aGrammatica do Chisena :
_ba grammar of the language of the lower Zambezi.
260 _aChipanga, Zambezia,
_c1900.
500 _aPortuguese and English.
650 0 _aSena language -- Grammar.
_xSena language -- Grammar.
_6S64729.1
949 _aPL8655
_wlcc
_i-176321
_mMAIN
_tBOOK
_lON-SHELF
004 122553
999 _c71596
_d71596